00699 2200241 4500001002100000005001700021020002200038035002400060040001200084082001900096084002300115090002300138100001900161245010100180250001100281260003000292300002800322650003300350700002300383700001800406850001200424990002100436YOGYA00000000009859220141030092546.0 a978-602-7888-42-7 0010-021400000000101 aYOPDYOG 2[22]a899.2213 aDEP 899.2213 Flo C aDEP 899.2213 Flo C aFRORAND, LAURA aThe chocolate kissc/ Laura Florand ; penerjemah, Veronica Sri Utami ; penyunting, Pratiwi Utami aCet. 1 aYogyakartabBentangc2013 a454 hlm.bilus.c21 cm. aFiksi Indonesia - Terjemahan aVeronica Sri Utami aPratiwi Utami aYOPDYOG aCB-D.11-2013-502